00413nam a2200169Ia 4500008004100000041001200041082001100053100001900064245003300083365001000116520001300126546001200139630003300151650001300184655001300197730003300210101110s9999 xx 000 0 und d aENGLISH bJR1916 aKale, Karnavat aSecretarial Practice Std.XII b18.75 aCommerce aENGLISH aSecretarial Practice Std.XII aCommerce aCommerce aSecretarial Practice Std.XII